|
|
|
|
| LEADER |
01036nam a2200265 a 4500 |
| 001 |
12969926 |
| 008 |
090520s2000 enk b 000 0 eng d |
| 010 |
|
|
|a 2002491185
|
| 020 |
|
|
|a 1870098803
|
| 040 |
|
|
|a OOxM
|c OOxM
|d MH
|d CStRLIN
|d DLC
|
| 082 |
0 |
0 |
|a 362.1
|2 21
|
| 100 |
1 |
|
|a Stott, Robin.
|
| 245 |
1 |
4 |
|a The ecology of health /
|c Robin Stott.
|
| 260 |
|
|
|a Totnes, Devon :
|b Green Books for The Schumacher Society,
|c 2000.
|
| 300 |
|
|
|a 78 p. ;
|c 21 cm.
|
| 490 |
1 |
|
|a Schumacher briefing ;
|v no. 3
|
| 504 |
|
|
|a Includes bibliographical references (p. [77]-78)
|
| 541 |
1 |
|
|e 00011523
|
| 650 |
|
0 |
|a Environmental health
|x International cooperation.
|
| 650 |
|
0 |
|a Human ecology
|x International cooperation.
|
| 650 |
|
0 |
|a Health promotion
|x International cooperation.
|
| 710 |
2 |
|
|a Schumacher Society (Great Britain)
|
| 852 |
4 |
|
|a Ayesha Abed Library
|j General Shelf.
|
| 999 |
|
|
|c 1001
|d 1001
|
| 952 |
|
|
|0 0
|1 0
|2 ddc
|4 0
|6 362_100000000000000_STO
|7 0
|9 909
|a BRACUL
|b BRACUL
|c GEN
|d 2009-06-23
|e Not Found
|l 0
|o 362.1 STO
|p 3010011523
|r 2009-06-23
|t 1
|w 2009-06-23
|y BK
|